|
|
|
|
| LEADER |
00000nab a2200000 a 4500 |
| 001 |
vtls000532840 |
| 003 |
SK-MaSNL |
| 005 |
20260304094838.0 |
| 008 |
250425c1994 xo 0 slo |
| 015 |
|
|
|a SNBRB19rr/mm-uuuuu
|
| 035 |
|
|
|a CL0532978
|
| 035 |
|
|
|a urn:nbn:sk:snk-abf6h7
|
| 035 |
|
|
|a (urnnbn)urn:nbn:sk:snk:ar-000268
|
| 035 |
|
|
|a (uuid)8cc11d5f-70b9-43b9-b02e-ca08dc279e68
|
| 040 |
|
|
|a SNKBUCL
|b slo
|c SNKBUCL
|e AACR2
|
| 041 |
0 |
|
|a slo
|
| 044 |
|
|
|a xo
|c SK
|
| 080 |
|
|
|a 839.6-1
|2 1981
|
| 100 |
1 |
|
|a Böe, Anne
|4 aut
|9 1391604
|
| 245 |
1 |
0 |
|a Počuť ako niekto seká... [inc.] [a iné]
|c Anne Böe ; Prekl. Mila Haugová, T. Chmelová
|
| 500 |
|
|
|a Ďalšie básne: Zdá sa, že vedia... [inc.]. Ku komu mám teraz ísť. Náhla horúčka... [inc.]. Meč ťahá sa pomaly... [inc.]. (Iná). (Ty). (Snežíš). (Večer)
|
| 500 |
|
|
|a Inform. o aut. na s. 93
|
| 650 |
0 |
7 |
|a básne reflexívne
|2 snkbucl
|9 898242
|
| 655 |
|
7 |
|a články z novín a časopisov
|2 snkbucl
|9 267496
|
| 773 |
0 |
|
|t Romboid
|g Roč. 29, č. 10 (1994), s. 71-75
|x 0231-6714
|
| 850 |
|
|
|a Slovenská národná knižnica
|
| 852 |
|
|
|a Slovenská národná knižnica
|
| 958 |
|
|
|a article23
|
| 958 |
|
|
|a OND
|
| 958 |
|
|
|a RK
|
| 958 |
|
|
|a LX
|
| 958 |
|
|
|a NO
|
| 958 |
|
|
|a EUIPO
|
| 992 |
|
|
|a RBX
|
| 999 |
|
|
|c 2829259
|d 2831189
|